Deep Rock Galactic overclocks (season 5) - Statistics

General Stats
  • This quiz has been taken 18 times
  • The average score is 65 of 160
Answer Stats
Answer % Correct
Face Melter
80%
Fat Boy
80%
Sticky Fuel
80%
Elephant Rounds
70%
Explosive Reload
70%
Goo Bomber Special
70%
Lead Storm
70%
Sludge Blast
70%
Special Powder
70%
The Mole
70%
Big Bertha
60%
Burning Hell
60%
Cluster Charges
60%
Cryo Minelets
60%
Crystal Nucleation
60%
Hipster
60%
Homebrew Powder
60%
Hyper Propellant
60%
Ice Spear
60%
Ice Storm
60%
Inferno
60%
Marked for Death
60%
Neurotoxin Payload
60%
Scorching Tide
60%
Snowball
60%
Spinning Death
60%
Tranquilizer Rounds
60%
Trifork Volley
60%
Triple-Tech Chambers
60%
Tuned Cooler
60%
Volatile Impact Reactor
60%
AI Stability Engine
50%
Gunner "Lead Storm" Powered Minigun A Little More Oomph!
50%
Blistering Necrosis
50%
Bullet Hell
50%
Carpet Bomber
50%
"Bulldog" Heavy Revolver | Subata 120 Chain Hit
50%
Combustive Goo Mix
50%
Conductive Thermals
50%
Cryo Bolt
50%
Disperser Compound
50%
Double Barrel
50%
Electrifying Reload
50%
Electro Minelets
50%
EM Refire Booster
50%
LOK-1 Smart Rifle Eraser
50%
Executioner
50%
Explosive Chemical Rounds
50%
Fire Bolt
50%
Fuel Stream Diffuser
50%
Gamma Contamination
50%
Gas Recycling
50%
Heavy Hitter
50%
Hellfire
50%
Jet Fuel Homebrew
50%
Mega Power Supply
50%
Micro-Conductor Add-On
50%
Micro Flechettes
50%
Minelayer System
50%
Mortar Rounds
50%
Pack Rat
50%
Persistent Plasma
50%
Plasma Burster Missiles
50%
Plastcrete Catalyst
50%
Pump Action
50%
RJ250 Compound
50%
Roll Control
50%
Rotary Overdrive
50%
Shaped Shells
50%
Six Shooter
50%
Sticky Additive
50%
Supercooling Chamber
50%
Thermal Exhaust Feedback
50%
Turret EM Discharge
50%
Ultra-Magnetic Coils
50%
Volatile Bullets
50%
Volatile Impact Mixture
50%
Active Stability System
40%
AG Mixture
40%
Automatic Fire
40%
Bodkin Points
40%
Bullets of Mercy
40%
Burst Fire
40%
Combat Mobility
40%
Diffusion Ray
40%
Embedded Detonators
40%
Flow Rate Expansion
40%
Fragmentation Missiles
40%
Heat Pipe
40%
Corrosive Sludge Pump Hydrogen Ion Additive
40%
Hyperalloy Assembly
40%
Jumbo Shells
40%
Lead Spray
40%
Magic Bullets
40%
Magnetic Pellet Alignment
40%
Mini Shells
40%
Neuro-Lasso
40%
Overtuned Particle Accelerator
40%
ArmsKore Coil Gun Re-atomizer
40%
Seeker Rounds
40%
Shield Battery Booster
40%
Engineer "Warthog" Auto 210 Stunner
40%
The Specialist
40%
Well Oiled Machine
40%
Compact Feed Valves
30%
Electrocuting Focus Shots
30%
Exhaust Vectoring
30%
Feedback Loop
30%
Gas Rerouting
30%
M1000 Classic Hoverclock
30%
Impact Deflection
30%
Cryo Cannon Improved Thermal Efficiency
30%
Overdrive Booster
30%
Return to Sender
30%
Rocket Barrage
30%
Salvo Module
30%
Smrt Trigger OS
30%
Thinned Drum Walls
30%
DRAK-25 Plasma Carbine Aggressive Venting
20%
Automated Beam Controller
20%
Backfeeding Module
20%
Compact Feed Mechanism
20%
Compact Rounds
20%
Jury-Rigged Boomstick Compact Shells
20%
Cycle Overload
20%
Shard Diffractor Efficiency Tweaks
20%
Experimental Plasma Charger Energy Rerouting
20%
Full Chamber Seal
20%
High Voltage Crossover
20%
Colette Wave Cooker Liquid Cooling System
20%
Magnetic Cooling Unit
20%
Minimal Clips
20%
Zhukov NUK17 Minimal Magazines
20%
Overcharger
20%
Oversized Magazine
20%
Nishanka Boltshark X-80 Quick Fire
20%
Rewiring Mod
20%
Stuffed Shells
20%
Super Focus Lens
20%
"Stubby" Voltaic SMG Super-Slim Rounds
20%
Thermal Liquid Coolant
20%
Armor Break Module
10%
Deepcore 40mm PGL Clean Sweep
10%
Scout Deepcore GK2 Compact Ammo
10%
BRT7 Burst Fire Gun Composite Casings
10%
"Thunderhead" Heavy Autocannon Composite Drums
10%
Experimental Rounds
10%
Driller CRSPR Flamethrower Lighter Tanks
10%
Breach Cutter Light-Weight Cases
10%
Overclocked Firing Mechanism
10%
"Hurricane" Guided Rocket System Overtuned Feed Mechanism
10%
Splintering Shells
10%
Stronger Plasma Current
10%
Compact Mags
0%
Custom Casings
0%
Light-Weight Magazines
0%
Light-Weight Rounds
0%
No matching quizzes found
Score Distribution
Percent of People with Each Score
Percentile by Number Answered
Your Score History
You have not taken this quiz